| 000 | 01085nam a2200301 a 4500 | ||
|---|---|---|---|
| 001 | 000044806 | ||
| 003 | DO-SdBNP | ||
| 005 | 20250428132256.0 | ||
| 008 | 150113s2014 dr ab r 000 0 spa d | ||
| 020 | _a9789945166163 | ||
| 040 |
_aDO-SdBNP _bspa _cBNPHU |
||
| 082 |
_a363.7 _bW891mi |
||
| 100 | 1 |
_aWooding, Bridget _92231 |
|
| 245 | 1 | 0 |
_aMigración y sostenibilidad ambiental en Hispaniola / _cBridget Wooding y Marcos A. Morales. |
| 260 |
_aSanto Domingo : _bOBMICA, _c2014. |
||
| 300 |
_a79 p. : _bil., mapas ; _c22 cm. |
||
| 500 | _aIncluye referencias bibliográficas y notas al pie de las páginas | ||
| 504 | _aBibliografía : p. 77-79 | ||
| 590 | _aInventariado, 2018/BT | ||
| 650 | 7 |
_aMedio ambiente _99250 _2LEMB |
|
| 650 |
_aÁreas protegidas _zRepública Dominicana _97050 _2LEMB |
||
| 650 | 0 |
_aConservación de los recursos naturales _91562 |
|
| 651 | 4 |
_aRepública Dominicana _xMigración _92428 |
|
| 700 | 1 | 2 |
_aMorales, Marcos A. _972830 |
| 710 | 2 | 2 |
_aObservatorio Migrantes del Caribe _972831 |
| 910 | _aValidado. Control de calidad. MFF | ||
| 942 |
_2ddc _cLBS1 |
||
| 999 |
_c44295 _d44295 |
||